=LDR 00000nam 2200000 4500 =001 INLIS000000000042835 =005 20131008015639 =008 ***********************************Ind** =035 ##$$0010-101300000000757 =041 ##$$a Ind =082 ##$$a 640 =090 ##$$a 640, Fel m =100 ##$$a Fella Karenina Susanti =245 ##$$a Menuju keluarga sehat, Fella Karenina Susanti; editor, Anis Dyah Rufaidah =260 ##$$a 2009 $b jakarta =300 ##$$a iv, 44 hlm., ilus, 21 cm =650 ##$$a Rumah Tangga - Sehat =700 ##$$a Rumah Tangga - Sehat =850 ##$$a NBPNMAT =990 ##$$a 0001/BPAP-NTB/2016